000 00529cam a22001571 4500
082 _a956.7
_bIRE
_cD
100 1 _aIreland, Philip Willard,
_949961
245 1 0 _aʻIraq; a study in political development,
_cby Philip Willard Ireland.
260 _aLondon,
_bJ. Cape
_c[1937]
300 _a510 p.
_bfront, illus., ports., fold. map.
_c21 cm.
526 _a0
_b0
_c0
_d956_700000000000000_IRE
650 0 _aMandates
_zIraq.
_949962
650 0 _aMCE
_9379
650 0 _aWorld War, 1914-1918
_zArabian Peninsula.
_949774
942 _2ddc
_cBK
999 _c552703
_d552703